Statistics for Ninja Sex Party Songs

Click here to take the quiz!

General Stats

  • This quiz has been taken 8 times
  • The average score is 44 of 69

Answer Stats

AlbumSong% Correct
Attitude City6969
100%
Cool PatrolCool Patrol
100%
Strawberries & CreamFYI I Wanna F Your A
100%
NSFWManticore
100%
NSFWThe Decision
100%
The ProphecyThe Mystic Crystal
100%
Attitude CityAttitude City
80%
Attitude CityCookies!
80%
Cool PatrolDanny Don't You Know
80%
NSFWDinosaur Laser Fight
80%
Strawberries & CreamEverybody Shut Up (I Have an Erection)
80%
Cool PatrolGFY
80%
NSFWI Just Want to (Dance)
80%
Cool PatrolIntro (Cool)
80%
Strawberries & CreamIntro (Strawberries)
80%
The ProphecyIntro (The)
80%
Cool PatrolNinja Brian Goes to Soccer Practice
80%
NSFWNo Reason Boner
80%
NSFWObjects of Desire
80%
Strawberries & CreamOutro (Cream)
80%
Strawberries & CreamOutro (Cream)
80%
Cool PatrolOutro (Patrol)
80%
The ProphecyOutro (Prophecy)
80%
Strawberries & CreamShredded Metal
80%
Strawberries & CreamSymphony in P Minor
80%
Strawberries & CreamUnicorn Wizard
80%
Attitude CityButtsex Goldilocks
60%
Cool PatrolCourtship of the Mermaid
60%
Attitude CityDragon Slayer
60%
Attitude CityDubstep
60%
Cool PatrolFirst Date
60%
Cool PatrolHeart Boner
60%
NSFWIf We Were Gay
60%
Attitude CityIntro (Attitude)
60%
NSFWIntroduction
60%
The ProphecyIt's Bedtime
60%
Strawberries & CreamLet's Get This Terrible Party Started
60%
The ProphecyNinja Brian's Kids' Album
60%
NSFWNSP Theme Song
60%
Attitude CityOutro (City)
60%
Attitude CityParty of Three
60%
Attitude CityPeppermint Creams
60%
NSFWPuppies in Space
60%
Strawberries & CreamRhinoceratops vs. Superpuma
60%
Attitude CityRoad Trip
60%
Attitude CitySamurai Abstinence Patrol
60%
The ProphecyThe Wishing Bear
60%
NSFWThree Minutes of Ecstasy
60%
The ProphecyWelcome To My Parent's House
60%
Attitude CityWhy I Cry
60%
The ProphecyWondering Tonight
60%
NSFWAccept My Shaft
40%
The ProphecyDo Math With U
40%
Cool PatrolEating Food in the Shower
40%
The ProphecyI Don't Know What We're Talking About (And I Haven't For a While)
40%
Cool PatrolMansion Party
40%
Strawberries & CreamNext To You
40%
Cool PatrolOrgy For One
40%
NSFWOutroduction
40%
Cool PatrolRelease The Kraken
40%
Cool PatrolRomance Novel
40%
NSFWSex Training
40%
The ProphecyThe Decision Part 2: Ten Years Later
40%
Strawberries & CreamThe Sacred Chalice Pt. 1
40%
Strawberries & CreamThe Ultimate Sandwich
40%
NSFWYou Can Do Us!
40%
Strawberries & CreamBest Friends Forever
20%
Cool PatrolSmooth Talkin'
20%
The ProphecyThunder & Lightning
20%

Score Distribution

Percentile by Number Answered

Percent of People with Each Score

Your Score History

You have not taken this quiz